El arte hispanomusulmán en su decoración floral / (Record no. 116890)

MARC details
000 -LEADER
campo de control de longitud fija 00610nam a2200181 i 4500
001 - NÚMERO DE CONTROL
campo de control 116890
003 - IDENTIFICADOR DE NÚMERO DE CONTROL
campo de control ES-MaACL
005 - FECHA Y HORA DE LA ÚLTIMA TRANSACCIÓN
campo de control 20230906190804.0
007 - CAMPO FIJO DE DESCRIPCIÓN FÍSICA--INFORMACIÓN GENERAL
campo de control de longitud fija t|
008 - DATOS DE LONGITUD FIJA--INFORMACIÓN GENERAL
campo de control de longitud fija 061121s1981 sp a |||| | spa d
100 1# - ENTRADA PRINCIPAL--NOMBRE DE PERSONA
Nombre de persona Pavón Maldonado, Basilio.
9 (RLIN) 89689
245 13 - MENCIÓN DEL TÍTULO
Título El arte hispanomusulmán en su decoración floral /
Mención de responsabilidad, etc. Basilio Pavón Maldonado.
260 ## - PUBLICACIÓN, DISTRIBUCIÓN, ETC.
Lugar de publicación, distribución, etc. Madrid :
Nombre del editor, distribuidor, etc. Instituto Hispano-Árabe de Cultura,
Fecha de publicación, distribución, etc. 1981.
300 ## - DESCRIPCIÓN FÍSICA
Extensión 197 p., 123 lám., 30 tabl. ;
Dimensiones 28 cm.
650 04 - PUNTO DE ACCESO ADICIONAL DE MATERIA--TÉRMINO DE MATERIA
Término de materia o nombre geográfico como elemento de entrada Arte musulmán-
Subdivisión geográfica España.
9 (RLIN) 10253
710 2# - ENTRADA AGREGADA--NOMBRE DE ENTIDAD CORPORATIVA
Nombre de entidad corporativa o nombre de jurisdicción como elemento de entrada Instituto Hispano-Árabe de Cultura.
9 (RLIN) 162165
852 ## - LOCALIZACIÓN
Ubicación ES-MaACL
Número de control de estantería L-4053
Holdings
Estatus retirado Estado de pérdida Estado de daño No para préstamo Biblioteca de origen Biblioteca actual Ubicación en estantería Fecha de adquisición Fuente de adquisición Total de préstamos Signatura topográfica completa Código de barras Visto por última vez Precio de reemplazo Tipo de ítem Koha
        Biblioteca del Ateneo de Madrid Biblioteca del Ateneo de Madrid Depósito 2 17/01/2008     L-4053 1121877 23/02/2023 23/02/2023 Libro impreso